Classement des nations aux Jeux de la lusophonie depuis 2006 - Statistiques

Statistiques générales
  • Ce quiz a été pris 12 fois
  • Le résultat moyen est 9 sur 11
Statistiques - réponses
Rang Or Argent Bronze Total Pays Continent % Correct
6 9 12 25 46 Angola Afrique
100%
1 64 43 32 139 Brésil Amérique
100%
7 8 7 10 25 Mozambique Afrique
100%
2 55 72 48 175 Portugal Europe
100%
8 3 8 16 27 Cap vert Afrique
83%
10 2 1 1 4 Guinée Bissau Afrique
83%
9 1 3 7 11 Sao Tomé-et-Principe Afrique
75%
3 38 29 35 102 Inde Asie
67%
4 16 15 33 64 Macao Asie
67%
11 0 0 2 2 Timor oriental Asie
67%
5 10 13 18 41 Sri Lanka Asie
33%
Aucun quiz correspondant
Distribution des résultats
% des personnes avec chaque résultat
Percentile par nombre de réponses
Votre historique - résultats
Vous n’avez pas pris ce quiz